LIBRARY & INFORMATION CENTRE, KCAET, TAVANUR

ONLINE PUBLIC ACCESS CATALOGUE (OPAC)

Accelerators: Machines of nuclear physics / (Record no. 9284)

MARC details
000 -LEADER
fixed length control field 00484cam a2200181ua 4500
041 ## - LANGUAGE CODE
Language code of text/sound track or separate title eng
082 ## - DEWEY DECIMAL CLASSIFICATION NUMBER
Classification number 539.732
Item number WIL/AC
100 ## - MAIN ENTRY--AUTHOR NAME
Personal name Wilson, Robert R .
245 ## - TITLE STATEMENT
Title Accelerators: Machines of nuclear physics /
260 ## - PUBLICATION, DISTRIBUTION, ETC. (IMPRINT)
Place of publication Mumbai :
Name of publisher Vakils, Jeffer and Simon Pvt Ltd ,
Year of publication 1965.
300 ## - PHYSICAL DESCRIPTION
Number of Pages 196 ; .
700 1# - ADDED ENTRY--PERSONAL NAME
Personal name Littauen , Raphael .
942 ## - ADDED ENTRY ELEMENTS (KOHA)
Koha item type Books
Holdings
Withdrawn status Lost status Damaged status Home library Current library Date acquired Full call number Accession Number Koha item type
      KAUAET KAUAET 07/04/2012 539.732 WIL/AC 10355 Books
free website counter